000 00801pam a2200265 i 4500
001 2911
005 20240123105405.0
020 _a9780064440417
040 _aDLC
_beng
_cDLC
_dDLC
050 0 0 _aPZ7.L7795
082 0 0 _a813.54
100 1 _aLobel, Arnold
245 1 0 _aMouse soup /
_cby Arnold Lobel.
250 _aFirst published in 1977
260 _aNew York :
_bHarper & Row,
_c1977
300 _a64 pages :
_bcolor illustrations ;
_c23 cm.
490 0 _aAn I can read book
_vBook 2
505 _aH
520 _aA mouse convinces a weasel he needs the ingredients from several stories to make a tasty mouse soup.
521 _a430
_bLexile
521 _aH
_bRaz-Plus
650 1 _aMice
_vFiction.
906 _a7
_bcbc
_corignew
_d1
_eocip
_f19
_gy-gencatlg
942 _2ddc
_cBK
_n0
999 _c2911
_d2911